כ״ד ספרי התנ״ך - Statistics

General Stats
  • This quiz has been taken 35 times
  • The average score is 19 of 24
Answer Stats
תשובה % Correct
בראשית
100%
שמות
100%
ויקרא
100%
במדבר
100%
דברים
100%
שמואל
95%
מלכים
95%
יהושע
85%
שופטים
85%
יחזקאל
85%
שיר השירים
85%
אסתר
80%
תהילים
75%
רות
75%
איכה
75%
קהלת
75%
דניאל
75%
ישעיהו
70%
ירמיהו
70%
תרי עשר
70%
עזרא
70%
משלי
60%
איוב
60%
דברי הימים
60%
No matching quizzes found
Score Distribution
Percent of People with Each Score
Percentile by Number Answered
Your Score History
You have not taken this quiz